[Event "Nikolaev zt"]
[Site "Nikolaev"]
[Date "1993.??.??"]
[Round "?"]
[White "Fedorov, Alexei"]
[Black "Moskalenko, Viktor"]
[Result "1-0"]
[WhiteElo "2490"]
[BlackElo "2555"]
[PlyCount "115"]
[EventDate "1993.03.??"]
[Source "ChessBase"]

1. e4 d6 2. d4 Nf6 3. Bd3 e5 4. c3 Nc6 5. Nf3 g6 6. O-O Bg7 7. Na3 O-O 8. h3 Nh5 9. Bc2 Qe7 10. Re1 Nd8 11. Nc4 f6 12. Ne3 c6 13. b3 Nf7 14. Ba3 Nf4 15. h4 Bd7 16. g3 Nh5 17. Qe2 Rad8 18. Rad1 Bc8 19. Rd2 Rfe8 20. dxe5 fxe5 21. Red1 Bh6 22. Rd3 Nf6 23. Nc4 c5 24. Bc1 Bxc1 25. Rxc1 d5 26. Ncd2 d4 27. c4 Rf8 28. Nf1 Nd6 29. N3d2 Rf7 30. f3 Kh8 31. Nh2 Nh5 32. Ndf1 g5 33. f4 Nf6 34. hxg5 Nfxe4 35. Rf3 Nc3 36. Rxc3 dxc3 37. Re1 Bf5 38. Bxf5 Nxf5 39. Qc2 Qd6 40. Qxc3 Qd4+ 41. Qxd4 exd4 42. Nf3 Re7 43. Ne5 Kg7 44. Kf2 h6 45. g4 Nd6 46. gxh6+ Kxh6 47. Ng3 Rf8 48. Kf3 Kg7 49. g5 Re6 50. Kg4 d3 51. Rd1 Nf7 52. Nxf7 Kxf7 53. Rxd3 Rfe8 54. Nf5 Kf8 55. Rd7 Re1 56. g6 Rg1+ 57. Kh5 Re6 58. Rd8+ 1-0

[Event "Czech Extra League 2000-1"]
[Site "?"]
[Date "2000.11.18"]
[Round "1"]
[White "Stocek Jiri"]
[Black "Timoscenko Genadij"]
[Result "1/2-1/2"]
[WhiteElo "2514"]
[BlackElo "2529"]
[PlyCount "109"]
[EventDate "2000.??.??"]
[Source "www.chesslib.no"]
[SourceDate "2004.05.04"]

1. e4 e5 2. d4 exd4 3. Nf3 Nc6 4. c3 d5 5. exd5 Qxd5 6. cxd4 Bg4 7. Nc3 Bb4 8. Be2 Bxf3 9. Bxf3 Qc4 10. Qb3 Qxb3 11. axb3 Nge7 12. O-O a6 13. Ra4 Bd6 14. Ne4 O-O-O 15. Rd1 Kb8 16. Ng5 Rdf8 17. g3 h6 18. Ne4 Rd8 19. Kg2 Na7 20. h4 Nd5 21. Rc4 c6 22. Nxd6 Rxd6 23. Rc5 Re8 24. Bxd5 Rxd5 25. Bf4+ Kc8 26. Rxd5 cxd5 27. Rc1+ Nc6 28. Rc5 Rd8 29. b4 Rd7 30. Be3 Kc7 31. b5 axb5 32. Rxb5 b6 33. Rb3 Kb7 34. Kf3 Rd6 35. Rc3 Re6 36. h5 Re4 37. Rd3 Nb4 38. Rd2 Kc6 39. Rd1 f6 40. Rc1+ Kb7 41. Ke2 Nc6 42. Kd3 Nb4+ 43. Kd2 Nc6 44. f3 Re6 45. Kd3 Re7 46. Bd2 Re8 47. Ra1 Nd8 48. Re1 Rxe1 49. Bxe1 Kc7 50. Bb4 Kd7 51. g4 Ke6 52. Bf8 Kf7 53. Bd6 Nc6 54. f4 b5 55. f5 1/2-1/2

[Event "Cappelle Open"]
[Site "Cappelle la Grande FRA"]
[Date "1993.??.??"]
[Round "8"]
[White "Solozhenkin, Evgeniy"]
[Black "Gofshtein, Zeev-Alon"]
[Result "1/2-1/2"]
[WhiteElo "2480"]
[BlackElo "2560"]
[PlyCount "44"]
[EventDate "1993.02.??"]
[Source "www.chesslib.no"]
[SourceDate "2004.05.04"]

1. d4 d6 2. e4 Nf6 3. Bd3 e5 4. c3 Nc6 5. Nf3 g6 6. O-O Bg7 7. Re1 O-O 8. Nbd2 Nd7 9. Nb3 Kh8 10. Bg5 f6 11. Bd2 f5 12. exf5 gxf5 13. Bg5 Qe8 14. dxe5 dxe5 15. Nh4 e4 16. Be2 Qf7 17. Bh5 Qe6 18. f3 Bf6 19. Qc1 Rg8 20. Bxf6+ Qxf6 21. Qf4 Nde5 22. Nc1 Qg5 1/2-1/2

[Event "YUG-chT 52nd"]
[Site "?"]
[Date "2000.08.31"]
[Round "7"]
[White "Markovic Miroslav"]
[Black "Ivanovic Bozidar"]
[Result "1/2-1/2"]
[WhiteElo "2558"]
[BlackElo "2476"]
[PlyCount "173"]
[EventDate "2000.??.??"]
[Source "www.chesslib.no"]
[SourceDate "2004.05.04"]

1. e4 e5 2. Nf3 Nf6 3. d3 Nc6 4. c3 d6 5. g3 g6 6. Bg2 Bg7 7. O-O O-O 8. b4 h6 9. Nbd2 Be6 10. Bb2 Qd7 11. Re1 Rfe8 12. a3 a6 13. Rc1 Nh7 14. Nf1 a5 15. Qc2 Bh3 16. Ne3 Bxg2 17. Kxg2 Nd8 18. Nc4 axb4 19. cxb4 Ne6 20. Qe2 h5 21. Ne3 Ra6 22. Rc2 b5 23. Rd1 c6 24. Nf1 Bf6 25. h4 Bg7 26. N1d2 Nf6 27. Nb3 Ng4 28. Nh2 Nf6 29. Qf3 Nd8 30. Re2 Qe6 31. d4 Qe7 32. dxe5 dxe5 33. Nc5 Ra7 34. Qe3 Nd7 35. Nb3 Rc7 36. Nf1 Ne6 37. Rc2 Rec8 38. Rdc1 c5 39. bxc5 Ndxc5 40. Nfd2 Na4 41. Rxc7 Rxc7 42. Rxc7 Qxc7 43. Ba1 Qd6 44. Qe2 Qd7 45. Nb1 Qc6 46. f3 Nd4 47. Bxd4 exd4 48. N1d2 Nb2 49. f4 Nc4 50. Kf2 Nxa3 51. e5 Nc2 52. Qd3 Bf8 53. Ne4 Qc4 54. Ke2 Bb4 55. e6 fxe6 56. Ng5 Bc3 57. Nf3 Kg7 58. Ne5 Qxd3+ 59. Nxd3 Ne3 60. Nbc5 Nf5 61. Kf3 Kf6 62. Ne4+ Kf7 63. Ne5+ Kg7 64. Nc5 Be1 65. Nxe6+ Kh6 66. g4 hxg4+ 67. Nxg4+ Kh7 68. Ne5 b4 69. Nc5 Bxh4 70. Ke4 Be7 71. Nb3 Kh6 72. Nc6 Kh5 73. Ne5 Bd6 74. Nf7 d3 75. Kxd3 Bxf4 76. Nd8 Bd6 77. Ke4 Bf8 78. Ne6 Bd6 79. Nd2 Be7 80. Nf4+ Kh6 81. Nd5 Bc5 82. Nb3 Bd6 83. Nd2 Ng3+ 84. Kf3 g5 85. Nc4 Nf5 86. Nxd6 Nxd6 87. Nxb4 1/2-1/2

[Event "MESA"]
[Site "MESA"]
[Date "1992.??.??"]
[Round "?"]
[White "Nogueiras, Jesus"]
[Black "Topalov, Veselin"]
[Result "1/2-1/2"]
[WhiteElo "2570"]
[BlackElo "2460"]
[PlyCount "98"]
[EventDate "1992.??.??"]
[Source "www.chesslib.no"]
[SourceDate "2004.05.04"]

1. d4 d6 2. e4 Nf6 3. Bd3 e5 4. c3 Nc6 5. Nf3 Bg4 6. d5 Ne7 7. h3 Bd7 8. c4 Ng6 9. Nc3 Be7 10. g3 O-O 11. Kf1 c6 12. Kg2 a6 13. a4 a5 14. h4 Re8 15. h5 Nf8 16. Nh4 Qc8 17. Bd2 Bd8 18. h6 g6 19. Qb3 Qb8 20. Nf3 Bc8 21. Ng5 N6d7 22. Raf1 Nc5 23. Qc2 f6 24. Nh3 Nxd3 25. Qxd3 Nd7 26. Be3 Ra6 27. f4 exf4 28. gxf4 Bb6 29. Nf2 Nc5 30. Bxc5 Bxc5 31. f5 Rb6 32. Ne2 Rxb2 33. fxg6 Re5 34. g7 Rg5+ 35. Ng3 Qa7 36. Qf3 Bd4 37. Rh5 Bg4 38. Rxg5 Bxf3+ 39. Kxf3 fxg5 40. Nf5 Rxf2+ 41. Rxf2 Bf6 42. e5 dxe5 43. d6 Qc5 44. Kg2 e4 45. d7 e3 46. Nxe3 Qd6 47. Ng4 Be7 48. c5 Qd5+ 49. Kh2 b6 1/2-1/2

[Event "Ubeda op"]
[Site "Ubeda"]
[Date "1999.01.25"]
[Round "6"]
[White "Svetushkin, Dmitry"]
[Black "Sorokin, Maxim"]
[Result "1/2-1/2"]
[WhiteElo "2460"]
[BlackElo "2570"]
[PlyCount "30"]
[EventDate "1999.01.??"]
[Source "ChessBase"]
[SourceDate "1999.03.01"]

1. e4 e5 2. Nf3 Nf6 3. d3 Nc6 4. c3 d5 5. Nbd2 a5 6. g3 Bc5 7. Bg2 dxe4 8. dxe4 Qd3 9. Bf1 Qd6 10. h3 O-O 11. Bg2 b6 12. O-O Ba6 13. Re1 Rad8 14. Bf1 Bxf1 15. Kxf1 Rd7 1/2-1/2

[Event "Spartakiade tt 8th"]
[Site "Moscow RUS"]
[Date "1983.??.??"]
[Round "7"]
[White "Makarichev, Sergey Y"]
[Black "Kuzmin, Gennadi P"]
[Result "0-1"]
[WhiteElo "2510"]
[BlackElo "2520"]
[PlyCount "146"]
[EventDate "1983.07.??"]
[Source "www.chesslib.no"]
[SourceDate "2004.05.04"]

1. e4 d6 2. d4 Nf6 3. Bd3 e5 4. c3 Nc6 5. Nf3 Be7 6. h3 O-O 7. O-O exd4 8. cxd4 Nb4 9. Nc3 Nxd3 10. Qxd3 d5 11. e5 Ne8 12. Re1 c6 13. Ne2 Nc7 14. Ng3 b6 15. Bd2 a5 16. Nh2 c5 17. Ng4 Qd7 18. Bh6 c4 19. Qd2 Qc6 20. Bxg7 Kxg7 21. Nf6 Bxf6 22. exf6+ Kh8 23. Qh6 Rg8 24. Re5 Ne6 25. Rh5 Nf8 26. h4 Bg4 27. Rg5 Ne6 28. Rg7 Rxg7 29. fxg7+ Kg8 30. Qf6 Qc7 31. Re1 Qd8 32. Qe5 Qxh4 33. f3 f6 34. Qd6 Rd8 35. Qxb6 Qxg3 36. Rxe6 Bxe6 37. Qxe6+ Kxg7 38. Qe7+ Kg6 39. Qxd8 Qe1+ 40. Kh2 Qh4+ 41. Kg1 Qxd4+ 42. Kh2 Qe5+ 43. Kh3 Qe6+ 44. Kg3 a4 45. a3 Kf7 46. Kh4 Qe5 47. g3 Qf5 48. g4 Qe6 49. Kg3 Qe1+ 50. Kh3 Qf1+ 51. Kg3 Qg1+ 52. Kh3 Qh1+ 53. Kg3 Qe1+ 54. Kh3 Qe6 55. Kg3 h6 56. Qh8 d4 57. Qd8 d3 58. f4 Qe3+ 59. Kg2 Qe7 60. Qd4 Qe6 61. Qa7+ Kf8 62. Qc5+ Kg8 63. Kf3 Qd7 64. Qxc4+ Kg7 65. Qc1 d2 66. Qd1 Qd3+ 67. Kf2 Kf8 68. f5 Kg7 69. Kg2 Qe3 70. Kf1 Kf8 71. Qe2 Qf4+ 72. Kg2 Qd4 73. Qd1 Qxb2 0-1

[Event "Korinthos op 6th"]
[Site "Korinthos"]
[Date "2002.07.31"]
[Round "9"]
[White "Gelashvili, Tamaz"]
[Black "Hellsten, Johan"]
[Result "1/2-1/2"]
[WhiteElo "2551"]
[BlackElo "2477"]
[PlyCount "96"]
[EventDate "2002.07.23"]
[Source "ChessBase"]
[SourceDate "2002.09.11"]

1. e4 e5 2. Nf3 Nf6 3. d3 Nc6 4. Be2 d5 5. Nbd2 Bc5 6. O-O O-O 7. c3 a5 8. b3 Re8 9. a3 Ba7 10. Rb1 dxe4 11. dxe4 Nh5 12. Nc4 Qf6 13. b4 axb4 14. axb4 Nf4 15. Bxf4 Qxf4 16. b5 Ne7 17. Ncxe5 Ng6 18. Nxg6 hxg6 19. e5 Bg4 20. Qd5 Bb6 21. Qxb7 Rad8 22. g3 Bxf3 23. Qxf3 Qxf3 24. Bxf3 Rd3 25. Bg4 Rxe5 26. Rbc1 Rd2 27. c4 g5 28. h3 g6 29. Bf3 Kg7 30. Kg2 Bc5 31. Rcd1 Rc2 32. Rd7 Re7 33. Rd5 Rxc4 34. Rxg5 Rc2 35. Rd5 Bb6 36. h4 Kf6 37. g4 Re5 38. Kg3 Rxd5 39. Bxd5 Bc5 40. g5+ Kg7 41. f4 Bd6 42. Kf3 Rh2 43. Kg4 Rd2 44. Be4 Rd4 45. Re1 Rb4 46. f5 gxf5+ 47. Kxf5 Rxb5+ 48. Kg4 Be5 1/2-1/2

[Event "Invitational"]
[Site "Santa Monica"]
[Date "2004.05.18"]
[Round "8"]
[White "Matikozian, Andranik"]
[Black "Mikhalevski, Victor"]
[Result "0-1"]
[WhiteElo "2467"]
[BlackElo "2550"]
[PlyCount "43"]
[EventDate "2004.05.11"]
[Source "Roberto Alvarez"]
[SourceDate "2004.05.24"]

1. e4 e5 2. Nf3 Nf6 3. d3 Nc6 4. c3 d5 5. Nbd2 g6 6. Be2 Bg7 7. O-O O-O 8. Re1 Re8 9. b4 Nb8 10. Bf1 c6 11. a4 Nbd7 12. a5 Rb8 13. Qb3 b6 14. axb6 axb6 15. d4 b5 16. Bb2 exd4 17. Nxd4 Bb7 18. exd5 Nxd5 19. c4 Nxb4 20. cxb5 c5 21. Bc4 Rf8 22. Rad1 0-1

[Event "Nord"]
[Site "?"]
[Date "1997.??.??"]
[Round "1.1"]
[White "Rabiega Robert"]
[Black "Kalinitschew Sergey"]
[Result "1/2-1/2"]
[WhiteElo "2490"]
[BlackElo "2525"]
[PlyCount "99"]
[EventDate "1997.??.??"]
[Source "www.chesslib.no"]
[SourceDate "2004.05.04"]

1. e4 d6 2. d4 Nf6 3. Bd3 e5 4. c3 Nc6 5. Nf3 Bg4 6. dxe5 Nxe5 7. Be2 Nxf3+ 8. Bxf3 Qd7 9. O-O Bxf3 10. Qxf3 Qg4 11. Qd3 O-O-O 12. f3 Qe6 13. c4 Nd7 14. b3 Rg8 15. Be3 g5 16. Nc3 Bg7 17. Bd4 g4 18. Bxg7 gxf3 19. Qxf3 Rxg7 20. Qf5 Rdg8 21. Rf2 Qh6 22. Re1 Rg5 23. Qxf7 Ne5 24. Qe7 Nf3+ 25. Kf1 R5g7 26. Nd5 Rd8 27. Rxf3 Rxe7 28. Nxe7+ Kb8 29. h3 a5 30. a4 Re8 31. Nf5 Qf6 32. Kg1 Qb2 33. Rfe3 Rg8 34. R1e2 Qe5 35. g3 c6 36. Rd3 Rd8 37. Nd4 Qh5 38. Kg2 Ka7 39. Rf2 Re8 40. Rf4 Kb6 41. Nf3 Qc5 42. h4 Qa3 43. Nd2 Re6 44. Rf2 Qc1 45. Rdf3 Qe1 46. Rf5 Ka6 47. R5f4 h6 48. Rf5 Ka7 49. Rf7 Ka6 50. Rf8 1/2-1/2

[Event "It (Open) Las Palmas ESP"]
[Site "?"]
[Date "2005.12.01"]
[Round "8.4"]
[White "Spraggett Kevin B"]
[Black "Mellado Trivino Juan"]
[Result "1/2-1/2"]
[WhiteElo "2585"]
[BlackElo "2425"]
[PlyCount "98"]
[EventDate "2005.??.??"]
[Source "www.chesslib.no"]
[SourceDate "2004.05.04"]

1. e4 e5 2. Nf3 Nf6 3. d3 Nc6 4. c3 d5 5. Qc2 a5 6. Be2 Bc5 7. O-O h6 8. Nbd2 O-O 9. b3 b6 10. a3 Ba6 11. Bb2 d4 12. cxd4 exd4 13. Rfe1 Re8 14. Bf1 Nd7 15. g3 Nde5 16. Nh4 Ne7 17. Ng2 g5 18. f4 Ng4 19. Nf3 Ng6 20. h3 Nf6 21. e5 Nd5 22. f5 Nge7 23. g4 Nc6 24. Rad1 f6 25. e6 Qd6 26. Re4 Bb7 27. Qc4 Ne5 28. Nxe5 fxe5 29. Rde1 Ne3 30. Nxe3 Bxe4 31. dxe4 dxe3 32. Be2 Bd4 33. Bc1 Kg7 34. Rd1 Qc5 35. Kg2 Qxc4 36. Bxc4 c6 37. a4 Kf6 38. Kf3 Red8 39. Ba3 Ra7 40. Rc1 c5 41. Rc2 h5 42. gxh5 Rh7 43. Kg3 Rxh5 44. Be2 Rhh8 45. Bc1 Rh7 46. Bg4 Rc7 47. Be2 Rh7 48. Bg4 Rc7 49. Be2 Rh7 1/2-1/2

[Event "Bad Zwesten GER"]
[Site "?"]
[Date "2001.01.04"]
[Round "4"]
[White "Vescovi Giovanni P"]
[Black "Meijers Viesturs"]
[Result "1/2-1/2"]
[WhiteElo "2519"]
[BlackElo "2483"]
[PlyCount "71"]
[EventDate "2001.??.??"]
[Source "www.chesslib.no"]
[SourceDate "2004.05.04"]

1. e4 e5 2. Nf3 Nf6 3. d3 Nc6 4. Be2 d5 5. Nbd2 Be7 6. O-O O-O 7. c3 Re8 8. b4 a6 9. Bb2 b6 10. Re1 Bb7 11. Bf1 Bf8 12. a3 g6 13. Qc2 Bg7 14. g3 Qd6 15. Bg2 Rad8 16. Rad1 Ba8 17. Qb1 h6 18. Qa1 dxe4 19. dxe4 Qe6 20. c4 Nd7 21. Nf1 Qxc4 22. Ne3 Qe6 23. Nd5 Rc8 24. Bf1 Bb7 25. Bc4 b5 26. Ba2 Qh3 27. Nf4 exf4 28. Bxg7 Nde5 29. Bxe5 Nxe5 30. Nxe5 Rxe5 31. Bxf7+ Kf8 32. Qxe5 f3 33. Qh8+ Kxf7 34. Qh7+ Kf8 35. Qh8+ Kf7 36. Qh7+ 1/2-1/2

[Event "Kurgan"]
[Site "Kurgan"]
[Date "1993.??.??"]
[Round "?"]
[White "Pugachov, Alexey"]
[Black "Rashkovsky, Nukhim N"]
[Result "0-1"]
[WhiteElo "2470"]
[BlackElo "2530"]
[PlyCount "66"]
[EventDate "1993.12.??"]
[Source "ChessBase"]

1. e4 d6 2. d4 Nf6 3. Bd3 e5 4. c3 Nc6 5. Nf3 g6 6. Qa4 Nd7 7. Bg5 Be7 8. Bh6 Bf8 9. Bg5 Be7 10. h4 h6 11. Be3 Bf6 12. Nbd2 Bg7 13. h5 g5 14. dxe5 Nc5 15. Bxc5 dxc5 16. Bb5 Bd7 17. e6 fxe6 18. Nb3 Qe7 19. Qc4 b6 20. O-O-O a6 21. Bxa6 Nb8 22. Bb7 Ra7 23. Rxd7 Nxd7 24. Bc6 O-O 25. Nbd2 g4 26. Bxd7 Qxd7 27. Nh2 Rxf2 28. Rd1 Rxg2 29. Nhf1 Qe7 30. e5 Qg5 31. Kb1 Ra8 32. Qe4 Qf5 33. Re1 Rf2 0-1

[Event "Balaguer op"]
[Site "?"]
[Date "1997.??.??"]
[Round "?"]
[White "Gonzalez Zamora Juan Carlos"]
[Black "Barua Dibyendu"]
[Result "0-1"]
[WhiteElo "2485"]
[BlackElo "2515"]
[PlyCount "96"]
[EventDate "1997.??.??"]
[Source "www.chesslib.no"]
[SourceDate "2004.05.04"]

1. e4 e5 2. Nf3 Nf6 3. d3 Nc6 4. g3 Bc5 5. Bg2 d5 6. Nbd2 dxe4 7. dxe4 O-O 8. Qe2 a5 9. O-O b6 10. Nb3 Ba6 11. c4 Be7 12. Bg5 Qc8 13. Nbd2 h6 14. Bxf6 Bxf6 15. Rfd1 Qe6 16. b3 Rfe8 17. Nf1 Rad8 18. Rxd8 Rxd8 19. Rd1 Rxd1 20. Qxd1 Be7 21. Ne3 Bc5 22. Nf5 g6 23. Nxh6+ Kg7 24. Qd2 f6 25. h3 Qd6 26. Ng4 Qxd2 27. Nxd2 Nb4 28. a4 Nd3 29. Ne3 Bb4 30. Nef1 Bc8 31. g4 Nf4 32. Kh2 c6 33. Bf3 Bd7 34. Bd1 b5 35. cxb5 cxb5 36. Nf3 bxa4 37. bxa4 Nd3 38. Ne3 Nb2 39. Bb3 Nxa4 40. g5 Nc3 41. Nd5 Nxd5 42. Bxd5 a4 43. Nh4 fxg5 44. Ng2 Bd2 45. Kg3 a3 46. Kf3 Bxh3 47. Ke2 Bxg2 48. Kxd2 Bxe4 0-1

[Event "Goodricke 10th op"]
[Site "Calcutta"]
[Date "1999.02.12"]
[Round "7"]
[White "Komliakov, Viktor"]
[Black "Barua, Dibyendu"]
[Result "0-1"]
[WhiteElo "2460"]
[BlackElo "2535"]
[PlyCount "128"]
[EventDate "1999.02.06"]
[Source "ChessBase"]
[SourceDate "1999.05.10"]

1. e4 e5 2. Nf3 Nf6 3. d3 Nc6 4. c3 d6 5. g3 g6 6. Bg2 Bg7 7. O-O a5 8. Re1 O-O 9. d4 Bg4 10. h3 Bxf3 11. Bxf3 exd4 12. cxd4 Nd7 13. d5 Nd4 14. Bg2 f5 15. Be3 Qf6 16. Nc3 Rae8 17. Rb1 g5 18. Qa4 Nc5 19. Qxd4 Qxd4 20. Bxd4 Bxd4 21. Nb5 Be5 22. exf5 Rxf5 23. Nxc7 Re7 24. Nb5 Ref7 25. Re2 h5 26. Rd1 h4 27. Nd4 R5f6 28. g4 Bxd4 29. Rxd4 Rf4 30. Red2 Kg7 31. Kf1 b5 32. Ke1 b4 33. Bf1 Re7+ 34. Be2 Ne4 35. Rd1 Kf6 36. Rc4 Ke5 37. Rdd4 Kf6 38. a3 bxa3 39. bxa3 Ke5 40. a4 Rb7 41. f3 Rb1+ 42. Rd1 Rxd1+ 43. Bxd1 Nc5 44. Rc3 Kxd5 45. Re3 Rf6 46. Kd2 Kd4 47. Re8 d5 48. Rg8 Ne6 49. Be2 Rf8 50. Rg6 Ke5 51. Ke3 Rc8 52. Kd2 Rc7 53. Rg8 Kd4 54. Rg6 Re7 55. Bb5 Ke5 56. Rg8 Kf4 57. Ra8 Nd4 58. Kd3 Nxf3 59. Rxa5 Re3+ 60. Kc2 Nd4+ 61. Kb2 Rxh3 62. Bd7 Ke5 63. Ra6 Rb3+ 64. Ka2 Rb7 0-1

[Event "Elista ol (Men)"]
[Site "Elista"]
[Date "1998.10.01"]
[Round "3"]
[White "Vasquez, Rodrigo"]
[Black "Arencibia, Walter"]
[Result "1/2-1/2"]
[WhiteElo "2445"]
[BlackElo "2550"]
[PlyCount "61"]
[EventDate "1998.09.29"]
[Source "ChessBase"]
[SourceDate "1998.11.06"]

1. e4 e5 2. Nf3 Nf6 3. d3 Nc6 4. c3 d5 5. Nbd2 a5 6. b3 Be7 7. Be2 O-O 8. O-O Be6 9. a3 Nd7 10. Bb2 dxe4 11. dxe4 Nb6 12. Qc2 f6 13. b4 Qe8 14. Rfe1 Qf7 15. Bf1 Rfd8 16. Re3 Bf8 17. Rd3 Rdc8 18. Re3 Nb8 19. c4 axb4 20. c5 b3 21. Nxb3 Nc4 22. Bxc4 Bxc4 23. Bxe5 Nd7 24. Bd4 Bxb3 25. Rxb3 Nxc5 26. Re3 Ne6 27. Bb2 Bc5 28. Rd3 Rd8 29. Rxd8+ Rxd8 30. Rd1 Rxd1+ 31. Qxd1 1/2-1/2

[Event "Moscow1"]
[Site "Moscow"]
[Date "1995.??.??"]
[Round "?"]
[White "Komliakov, Viktor"]
[Black "Zaitsev, Igor A"]
[Result "1/2-1/2"]
[WhiteElo "2535"]
[BlackElo "2455"]
[PlyCount "152"]
[EventDate "1995.01.??"]
[Source "ChessBase"]

1. e4 e5 2. Nf3 Nf6 3. d3 Nc6 4. c3 d5 5. Qa4 Nd7 6. b4 a6 7. Qc2 d4 8. a3 Be7 9. cxd4 Nxd4 10. Nxd4 exd4 11. Be2 c5 12. bxc5 Nxc5 13. O-O Be6 14. Nd2 Rc8 15. Qd1 b5 16. f4 f5 17. exf5 Bxf5 18. Nb3 Na4 19. Bg4 Nc3 20. Qf3 O-O 21. Bxf5 Rxf5 22. Re1 Rf7 23. Nd2 Qd7 24. Ne4 h6 25. Rf1 Nxe4 26. Qxe4 Rc2 27. Rb1 Bf8 28. Qf3 Re7 29. Rb2 Rxb2 30. Bxb2 Re3 31. Qd1 Qf5 32. Bxd4 Rxd3 33. Qc2 Qe4 34. Bc5 Qd5 35. Bxf8 Rd2 36. Qg6 Qd4+ 37. Kh1 Rd1 38. Qe6+ Kxf8 39. Qc8+ Ke7 40. Qc7+ Kf8 41. Qc8+ Ke7 42. Qc7+ Ke8 43. Qc8+ Kf7 44. Qb7+ Qd7 45. Qf3 Rxf1+ 46. Qxf1 Qd2 47. h3 Qe3 48. a4 Qc5 49. axb5 axb5 50. Qd1 b4 51. Qd7+ Kf6 52. Kh2 Qb6 53. Qd5 b3 54. Qe5+ Kf7 55. Qf5+ Kg8 56. Qd5+ Kh8 57. Qa8+ Kh7 58. Qe4+ Kh8 59. Qa8+ Kh7 60. Qe4+ Qg6 61. f5 Qd6+ 62. Kh1 Qf6 63. h4 h5 64. Kh2 b2 65. g3 Qh6 66. Qd3 Qb6 67. f6+ Kg8 68. Qd5+ Kf8 69. fxg7+ Kxg7 70. Qg5+ Kf8 71. Qf5+ Ke7 72. Qe5+ Kd7 73. Qd5+ Kc7 74. Qe5+ Kd7 75. Qd5+ Ke7 76. Qe5+ Kd7 1/2-1/2

[Event "Moscow3"]
[Site "Moscow"]
[Date "1995.??.??"]
[Round "?"]
[White "Smagin, Sergey"]
[Black "Rustemov, Alexander"]
[Result "0-1"]
[WhiteElo "2540"]
[BlackElo "2450"]
[PlyCount "170"]
[EventDate "1995.04.??"]
[Source "ChessBase"]

1. e4 d6 2. d4 Nf6 3. Bd3 Nc6 4. c3 e5 5. Nf3 Bg4 6. d5 Nb8 7. h3 Bh5 8. Be3 Nbd7 9. c4 Nc5 10. Bxc5 Bxf3 11. Qxf3 dxc5 12. Bc2 Bd6 13. Ba4+ Ke7 14. Nc3 h5 15. O-O-O h4 16. Rdf1 a6 17. Kb1 Kf8 18. Qd3 Qe7 19. Re1 Kg8 20. g3 g6 21. Nd1 Nh5 22. Reg1 Qf6 23. Qe2 Kg7 24. Ne3 Rab8 25. Bd1 b5 26. Qc2 Kf8 27. Bxh5 Rxh5 28. Ng2 bxc4 29. g4 Rh8 30. Ne3 c3 31. Qxc3 Qxf2 32. Nc4 Kg7 33. Rd1 Qf4 34. Qc2 Rb4 35. a3 Rb5 36. Rhf1 Qg5 37. Rf3 f6 38. Rdf1 Be7 39. Qa4 Ra8 40. Ka2 Kh6 41. Kb1 Rab8 42. R1f2 Ra8 43. Rc2 Bd6 44. Ka2 Ra7 45. Rb3 Rxb3 46. Qxb3 Ra8 47. Qb7 Rd8 48. Qxa6 Qf4 49. Re2 Qf1 50. Re3 Rb8 51. Qa4 Rb4 52. axb4 Qxc4+ 53. Qb3 Qa6+ 54. Qa3 Qc4+ 55. b3 Qf1 56. Rc3 Qe2+ 57. Qb2 Qa6+ 58. Kb1 cxb4 59. Rf3 Kg7 60. Qf2 Be7 61. Qf1 Qa3 62. g5 fxg5 63. Qc4 Bd6 64. Rf1 Qa7 65. Qd3 Kh6 66. Qf3 Qd4 67. Rd1 g4 68. Qe2 Qa7 69. hxg4 Bc5 70. Qh2 Bf2 71. Rd3 Qa6 72. Qh3 Kg5 73. Qf3 Bg3 74. Rd2 Qa7 75. Rc2 Bf4 76. Kb2 Be3 77. Kb1 Bf4 78. Rc6 Qg1+ 79. Ka2 Qh2+ 80. Kb1 h3 81. Rxc7 Qg1+ 82. Ka2 Qg2+ 83. Qxg2 hxg2 84. d6 g1=Q 85. d7 Qd1 0-1

[Event "TCh-BIH"]
[Site "Jahorina"]
[Date "2003.06.24"]
[Round "5"]
[White "Kurajica, Bojan"]
[Black "Mestrovic, Zvonimir"]
[Result "1-0"]
[WhiteElo "2551"]
[BlackElo "2436"]
[PlyCount "113"]
[EventDate "2003.06.21"]
[Source "Roberto Alvarez"]
[SourceDate "2003.07.07"]

1. d4 Nc6 2. Nf3 d6 3. c3 e5 4. e4 Nf6 5. Bd3 Be7 6. Nbd2 O-O 7. O-O Bg4 8. Qb3 Qc8 9. Re1 Nh5 10. Bf1 Nf4 11. h3 Bh5 12. Kh2 Bf6 13. d5 Nb8 14. Ng1 Bg6 15. g3 Nh5 16. h4 h6 17. Bh3 Nd7 18. Nc4 Be7 19. Na5 Rb8 20. f3 Qd8 21. Ne2 f5 22. exf5 Bxf5 23. Bxf5 Rxf5 24. Kg2 Rf8 25. Be3 Qe8 26. Qa4 Qf7 27. Qxd7 Qxf3+ 28. Kh3 Qxe3 29. Qg4 Qc5 30. Nb3 Qxd5 31. Qxh5 Rf2 32. Nf4 Qc6 33. Nd4 Qd7+ 34. Qf5 Qxf5+ 35. Nxf5 Bf8 36. Re2 Rxe2 37. Nxe2 b5 38. h5 d5 39. Rd1 c6 40. Nc1 e4 41. Nb3 b4 42. Nbd4 bxc3 43. bxc3 Rb6 44. Ne6 Ba3 45. Ned4 Bb2 46. Nxc6 Kf7 47. Nb4 Ke6 48. Nxg7+ Ke5 49. Rxd5+ Kf6 50. Nf5 Bxc3 51. Nc2 Rb2 52. Nce3 Rxa2 53. Rd6+ Ke5 54. Kg4 Ra4 55. Rxh6 a5 56. Rd6 Rb4 57. h6 1-0

[Event "Simultaneous Exhibition"]
[Site "?"]
[Date "1996.??.??"]
[Round "6"]
[White "Kaidanov Gregory S"]
[Black "Collas Didier"]
[Result "1-0"]
[WhiteElo "2605"]
[BlackElo "2380"]
[PlyCount "119"]
[EventDate "1996.??.??"]
[Source "www.chesslib.no"]
[SourceDate "2004.05.04"]

1. e4 d6 2. d4 Nf6 3. Bd3 e5 4. c3 Nc6 5. Nf3 Bg4 6. d5 Ne7 7. h3 Bd7 8. a4 a5 9. Bg5 Ng6 10. Nbd2 Be7 11. Be3 O-O 12. Bc2 h6 13. Nc4 Nh7 14. Qd2 f5 15. exf5 Bxf5 16. Bxf5 Rxf5 17. Qc2 Qd7 18. Nfd2 Nf4 19. Bxf4 exf4 20. Nf3 Rxd5 21. O-O Ng5 22. Ncd2 c6 23. Nxg5 Rxg5 24. Nf3 Rf5 25. Rfe1 Rf7 26. Rad1 Bf6 27. Re4 g5 28. Rde1 Kg7 29. Qe2 Qf5 30. Qd2 d5 31. Re6 c5 32. Qe2 Rd8 33. Qb5 d4 34. cxd4 Bxd4 35. Qb6 Bf6 36. Ne5 Bxe5 37. R6xe5 Rd1 38. Qxa5 Qxe5 39. Rxd1 f3 40. gxf3 Rxf3 41. Qb5 Rf7 42. b4 b6 43. Qxb6 Qe2 44. Rf1 g4 45. Qxc5 g3 46. Qd5 gxf2+ 47. Kg2 Qe3 48. Kh2 Qf4+ 49. Kh1 Kh8 50. a5 Rg7 51. Qd8+ Rg8 52. Qd3 h5 53. Qc3+ Kh7 54. Qc2+ Kh6 55. Qxf2 Qxb4 56. Qf6+ Rg6 57. Qh8+ Kg5 58. Rg1+ Kh4 59. Qd8+ Kxh3 60. Qd3+ 1-0

[Event "Tch-NED, NED"]
[Site "?"]
[Date "2001.??.??"]
[Round "5"]
[White "Schmaltz, R."]
[Black "Feygin, M."]
[Result "1-0"]
[WhiteElo "2515"]
[BlackElo "2470"]
[PlyCount "61"]
[EventDate "2001.??.??"]
[Source "www.chesslib.no"]
[SourceDate "2004.05.04"]

1. e4 e6 2. d3 d5 3. Nd2 Nf6 4. Ngf3 Nc6 5. Be2 e5 6. O-O Bc5 7. c3 a5 8. b3 O-O 9. a3 b6 10. Rb1 Bb7 11. b4 axb4 12. axb4 Bd6 13. Qc2 Qe7 14. Re1 Rfe8 15. Bf1 Qd7 16. exd5 Nxd5 17. Nc4 f6 18. Nxd6 Qxd6 19. Nd2 Kh8 20. Ne4 Qd7 21. g3 Nd8 22. Bb2 Qc6 23. Qd2 Ne7 24. c4 Ne6 25. Bg2 Rab8 26. f4 f5 27. Nf6 Qxg2+ 28. Qxg2 Bxg2 29. Nxe8 e4 30. Nxg7 Nxg7 31. Kxg2 1-0

[Event "Vilnius"]
[Site "Vilnius"]
[Date "1978.??.??"]
[Round "3"]
[White "Damjanovic, Mato"]
[Black "Dvoretzky, Mark"]
[Result "0-1"]
[WhiteElo "2455"]
[BlackElo "2525"]
[PlyCount "98"]
[EventDate "1978.07.??"]
[Source "ChessBase"]

1. e4 e5 2. Nf3 Nf6 3. d3 Nc6 4. Be2 g6 5. Bg5 h6 6. Bd2 Bg7 7. Qc1 d5 8. Nc3 Be6 9. O-O Qd6 10. Re1 g5 11. Bf1 O-O 12. h4 g4 13. Bxh6 gxf3 14. Bxg7 Kxg7 15. Qg5+ Kh7 16. Qxf6 fxg2 17. Be2 d4 18. Nb5 Qe7 19. Qxe7 Nxe7 20. h5 c6 21. Nc7 Rac8 22. Nxe6 fxe6 23. Bg4 Rf6 24. Kxg2 Ng8 25. f4 Rxf4 26. Bxe6 Rcf8 27. Bf5+ Kh6 28. Rf1 Rh4 29. Rh1 Rxh1 30. Rxh1 Nf6 31. Kg3 Nxh5+ 32. Kh4 Rg8 33. Bg4 Rg5 34. Rh2 Nf6 35. Kg3+ Kg7 36. Rh4 a5 37. Kf3 b5 38. c3 dxc3 39. bxc3 Nxg4 40. Rxg4 Rxg4 41. Kxg4 Kg6 42. Kf3 c5 43. Ke3 b4 44. d4 cxd4+ 45. cxd4 a4 46. Kd3 b3 47. axb3 a3 48. Kc2 exd4 49. b4 d3+ 0-1

[Event "Brno Morava-B"]
[Site "Brno"]
[Date "1991.??.??"]
[Round "7"]
[White "Kuporosov, Viktor"]
[Black "Gipslis, Aivars"]
[Result "1/2-1/2"]
[WhiteElo "2500"]
[BlackElo "2475"]
[PlyCount "25"]
[EventDate "1991.09.??"]
[Source "ChessBase"]

1. e4 d6 2. d4 Nf6 3. Bd3 e5 4. c3 Nc6 5. Nf3 Be7 6. h3 O-O 7. O-O h6 8. Re1 Re8 9. Nbd2 Bf8 10. Nf1 a6 11. Ng3 Bd7 12. Be3 Na7 13. b4 1/2-1/2